Svet zrkadlenia

Bibliographic Details
Main Authors: Hrdličková, Věna, 1924-2016 (Author), Hrdlička, Zdeněk, 1919-1999 (Author)
Format: Article
Language:Slovak
PhysicalDescription:Obr. 17.
Subjects:

MARC

LEADER 00000nab a2200000 a 4500
001 vtls000419772
003 SK-MaSNL
005 20260305001234.0
008 250424c1991 xo 0 slo
015 |a SNBRB19rr/mm-uuuuu 
035 |a CL0419900 
035 |a urn:nbn:sk:snk-aba0q 
035 |a (urnnbn)urn:nbn:sk:snk:ar-00556t 
035 |a (uuid)80796da4-1297-44da-a93f-633d80645f13 
040 |a SNKBUCL  |b slo  |c SNKBUCL  |e AACR2 
041 0 |a slo 
044 |a xo  |c SK 
080 |a 712.26  |2 1981 
100 1 |a Hrdličková, Věna,  |d 1924-2016  |4 aut  |9 172706 
245 1 0 |a Svet zrkadlenia  |c V. Hrdličková, Z. Hrdlička 
300 |a Obr. 17. 
650 0 7 |a čínske záhrady  |2 snkbucl  |9 74469 
655 7 |a články z novín a časopisov  |2 snkbucl  |9 267496 
700 1 |a Hrdlička, Zdeněk,  |d 1919-1999  |4 aut  |9 182057 
773 0 |t Výtvarný život  |g Roč. 36, č. 2-3 (1991), s. 49-57 
850 |a Slovenská národná knižnica 
852 |a Slovenská národná knižnica 
954 |a odborná, vedecká literatúra pôvodná (slovenská)  |2 lita 
958 |a article27 
958 |a RK 
958 |a OND 
958 |a EUIPO 
992 |a RBX 
999 |c 3218079  |d 3220009